<?xml version="1.0" encoding="UTF-8"?>
<record
    xmlns:xsi="http://www.w3.org/2001/XMLSchema-instance"
    xsi:schemaLocation="http://www.loc.gov/MARC21/slim http://www.loc.gov/standards/marcxml/schema/MARC21slim.xsd"
    xmlns="http://www.loc.gov/MARC21/slim">

  <leader>00916nam a22002057a 4500</leader>
  <datafield tag="999" ind1=" " ind2=" ">
    <subfield code="c">189439</subfield>
    <subfield code="d">189439</subfield>
  </datafield>
  <controlfield tag="005">20220701125815.0</controlfield>
  <datafield tag="010" ind1=" " ind2=" ">
    <subfield code="a">B-744793                                  RP Aruna Nagar</subfield>
  </datafield>
  <datafield tag="020" ind1=" " ind2=" ">
    <subfield code="c">895.00</subfield>
    <subfield code="a">9789393264442</subfield>
  </datafield>
  <datafield tag="035" ind1=" " ind2=" ">
    <subfield code="a">B-744793</subfield>
  </datafield>
  <datafield tag="037" ind1=" " ind2=" ">
    <subfield code="b">Pansy Books</subfield>
  </datafield>
  <datafield tag="100" ind1=" " ind2=" ">
    <subfield code="a">Keshav, Krishan</subfield>
  </datafield>
  <datafield tag="245" ind1=" " ind2=" ">
    <subfield code="a">A Guide to All India Bar Examination:</subfield>
    <subfield code="b">Along with Previous Solved Papers of AIBE /</subfield>
    <subfield code="c">Krishan Keshav and Himani Verma</subfield>
  </datafield>
  <datafield tag="250" ind1=" " ind2=" ">
    <subfield code="a">3rd</subfield>
  </datafield>
  <datafield tag="260" ind1=" " ind2=" ">
    <subfield code="a">Delhi</subfield>
    <subfield code="b">Singhal Law Publications</subfield>
    <subfield code="c">2022</subfield>
  </datafield>
  <datafield tag="270" ind1=" " ind2=" ">
    <subfield code="a">A-2/157, Bhagat Colony, Hanuman Mandir Street, Burari, Sant Nagar</subfield>
    <subfield code="b">Delhi</subfield>
    <subfield code="k">9810486750</subfield>
    <subfield code="m">singhallawpublication@gmail.com</subfield>
    <subfield code="e">110054</subfield>
  </datafield>
  <datafield tag="300" ind1=" " ind2=" ">
    <subfield code="a">viii,941p.</subfield>
    <subfield code="c">23cm(pbk)</subfield>
  </datafield>
  <datafield tag="700" ind1=" " ind2=" ">
    <subfield code="a">Verma, Himani</subfield>
  </datafield>
  <datafield tag="942" ind1=" " ind2=" ">
    <subfield code="2">ddc</subfield>
    <subfield code="c">EN</subfield>
    <subfield code="m">KES</subfield>
    <subfield code="h">000</subfield>
  </datafield>
  <datafield tag="952" ind1=" " ind2=" ">
    <subfield code="0">0</subfield>
    <subfield code="1">0</subfield>
    <subfield code="3">RP Books</subfield>
    <subfield code="4">0</subfield>
    <subfield code="7">0</subfield>
    <subfield code="8">NFIC</subfield>
    <subfield code="a">RC3AN</subfield>
    <subfield code="b">RC3AN</subfield>
    <subfield code="d">2022-07-01</subfield>
    <subfield code="e">Pansy Books/108/27.06.22/89/20.06.22/28.06.22</subfield>
    <subfield code="g">895.00</subfield>
    <subfield code="l">11</subfield>
    <subfield code="m">9</subfield>
    <subfield code="o">000 KES</subfield>
    <subfield code="p">B-744793</subfield>
    <subfield code="r">2023-07-24 00:00:00</subfield>
    <subfield code="s">2023-05-25</subfield>
    <subfield code="t">1</subfield>
    <subfield code="v">895.00</subfield>
    <subfield code="w">2022-07-01</subfield>
    <subfield code="y">EN</subfield>
  </datafield>
</record>
